| 000 | 00595nam a2200181 a 4500 | ||
|---|---|---|---|
| 005 | 20140310183440.0 | ||
| 008 | 080425s19uu xx 00 eng d | ||
| 020 | _a9781593854836 | ||
| 050 |
_aRJ 506.P55 _b.Y686 2007 |
||
| 245 |
_aYoung children and trauma : _bintervention and treatment. / _cEdited by : Joy D. Osofsky |
||
| 260 |
_aNew York : _bThe Guilford Press, _c2004. |
||
| 300 |
_a348 p. : _c24 cm. |
||
| 521 | _aPSYCH | ||
| 650 |
_aPosttraumatic stress disorder in children _xTreatment. |
||
| 650 |
_aPsychic trauma in hildren _xTreatment. |
||
| 942 |
_cBK _2lcc _kFOR |
||
| 999 |
_c23059 _d23059 |
||